000 00519nam a22001697a 4500
005 20251108165019.0
008 250721s1986 xx 000 0 ara d
082 1 4 _a539.7/سعو
100 1 _aرعد، سعود
245 1 0 _aالإشعاع النووي :
_bقصة تشيرنوبل و مستقبل البشرية /
264 1 _aطرابلس (لبنان) :
_bجروس برس،
_c1986.
300 _a237ص
650 1 7 _aالطاقة النووية
650 1 7 _aالإشعاع
942 _2ddc
_cBK
999 _c19926
_d19926